Strany zelených vo švajčiarskom straníckom systéme
Identifikácia hlavných dôvodov volebného úspechu oboch zelených strán vo Švajčiarsku a vysvetlenie základných rozdielov, ktorými sa obe stranícke formácie od seba odlišujú. Formovanie švajčiarskej zelenej politiky, predstavenie základných programových východísk a volebné a analyzované sociodemografi...
Gespeichert in:
| 1. Verfasser: | |
|---|---|
| Format: | Buchkapitel |
| Sprache: | Slowakisch |
| Schlagworte: | |
| Tags: |
Keine Tags, Fügen Sie das erste Tag hinzu!
|
MARC
| LEADER | 00000naa a2200000 4500 | ||
|---|---|---|---|
| 001 | 0286313 | ||
| 005 | 20240502074415.3 | ||
| 041 | 0 | |a slo | |
| 044 | |a SK | ||
| 245 | 1 | 0 | |a Strany zelených vo švajčiarskom straníckom systéme |c Radoslav Štefančík |
| 520 | |a Identifikácia hlavných dôvodov volebného úspechu oboch zelených strán vo Švajčiarsku a vysvetlenie základných rozdielov, ktorými sa obe stranícke formácie od seba odlišujú. Formovanie švajčiarskej zelenej politiky, predstavenie základných programových východísk a volebné a analyzované sociodemografické zloženie elektorátu oboch zelených straníckych subjektov. Ekologické strany ako ideová rodina. | ||
| 610 | 2 | 0 | |a strany politické |
| 610 | 2 | 0 | |a politika |
| 610 | 2 | 0 | |a voľby |
| 610 | 2 | 0 | |a ekológia |
| 610 | 2 | 0 | |a environmentalistika |
| 610 | 2 | 0 | |a zmeny klimatické |
| 610 | 2 | 0 | |a Švajčiarsko |
| 100 | 1 | |a Štefančík, Radoslav, 1976- | |